Simplify your writing instruction: (Record no. 98965)

MARC details
000 -LEADER
fixed length control field 00959nam a22002657a 4500
003 - CONTROL NUMBER IDENTIFIER
control field URS
005 - DATE AND TIME OF LATEST TRANSACTION
control field 20260309100401.0
008 - FIXED-LENGTH DATA ELEMENTS--GENERAL INFORMATION
fixed length control field 260309b |||||||| |||| 00| 0 eng d
020 ## - INTERNATIONAL STANDARD BOOK NUMBER
International Standard Book Number 9781394171576
040 ## - CATALOGING SOURCE
Original cataloging agency DLC
Language of cataloging eng
Transcribing agency DLC
Modifying agency URS
Description conventions rda
050 ## - LIBRARY OF CONGRESS CALL NUMBER
Classification number LB 1576
Item number .Sm511 2024
100 ## - MAIN ENTRY--PERSONAL NAME
Personal name Smith, April
245 ## - TITLE STATEMENT
Title Simplify your writing instruction:
Remainder of title a framework for a student-centered writing block/
Statement of responsibility, etc. April Smith.-
264 ## - PRODUCTION, PUBLICATION, DISTRIBUTION, MANUFACTURE, AND COPYRIGHT NOTICE
Place of production, publication, distribution, manufacture Canada:
Name of producer, publisher, distributor, manufacturer Jossey-Bass,
Date of production, publication, distribution, manufacture, or copyright notice c2024.
300 ## - PHYSICAL DESCRIPTION
Extent xiii,
Other physical details 231 pages :illustrations;
Dimensions 28 centimeters.
336 ## - CONTENT TYPE
Source rdacontent
Content type term text
Content type code txt
337 ## - MEDIA TYPE
Source rdamedia
Media type term unmediated
Media type code n
338 ## - CARRIER TYPE
Source rdacarrier
Carrier type term volume
Carrier type code nc
500 ## - GENERAL NOTE
General note Includes index and biographical references about the author.
501 ## - WITH NOTE
With note Includes references.
650 ## - SUBJECT ADDED ENTRY--TOPICAL TERM
Source of heading or term Writing - Study and teaching
650 ## - SUBJECT ADDED ENTRY--TOPICAL TERM
Source of heading or term Student- Centered Learning
650 ## - SUBJECT ADDED ENTRY--TOPICAL TERM
Source of heading or term Creative writing - Study and teaching
942 ## - ADDED ENTRY ELEMENTS (KOHA)
Source of classification or shelving scheme Library of Congress Classification
Koha item type Foreign Books
Classification part LB 1576
Item part .Sm511 2024
Holdings
Withdrawn status Source of classification or shelving scheme Damaged status Not for loan Home library Current library Shelving location Date acquired Total Checkouts Full call number Barcode Date last seen Price effective from Koha item type
  Library of Congress Classification     Angono College Library Angono College Library Foreign Section 03/09/2026   LB 1576 .Sm511 2024 URSANG-7739 03/09/2026 03/09/2026 Foreign Books

University of Rizal System
Email us at univlibservices@urs.edu.ph

Visit our Website www.urs.edu.ph/library